000
00218 a2200085 4500
020
_a
9781731428264
100
_a
RATH, SUDIPTA
245
_a
NUTRITION FOR THE MIND MORNING INTAKE IN EMPTY BRAIN
260
_b
POTHI.COM
_c
2018
999
_c
218423
_d
218423